000 00461nam a2200157Ia 4500
008 100204s9999 xx 000 0 und d
082 _b4258
100 _aदास सुनिल
245 _aप्रिन्स
260 _b"मेनका प्रकाशन , पुणे"
_c1979
300 _a225
630 _aप्रिन्स
700 _aभागवत कमला
730 _aप्रिन्स
942 _cBOOK
999 _c449048
_d449045